000 01751nam0a2200349 4500
001 RU\NLR\BIBL_A\011929774
005 20190213141931.0
010 _a978-5-906803-33-7
_9500
021 _aRU
_bКН-П-18-101023
_9КН-П-18-7325
035 _a(NLR Aleph) 011929774
035 _a(RuMoRGB)009850391
090 _a11032029
_c11032029
100 _a20190206d2018 u y0rusy50 ca
101 0 _arus
102 _aRU
105 _aa|||zzzz000ay
200 1 _aСемейный альбом
_eсборник
_e[произведения поэтов и писателей - членов Саратовского регионального отделения Российского союза писателей]
_fДмитрий Зотов, Алёна Молотилина, Татьяна Овчинникова, Юлия Клюева
_g[Российский союз писателей, Саратовское региональное отделение]
210 _aСаратов
_cЗадира-плюс
_d2018
215 _a69, [2] с.
_cил.
_d21
333 _a18+
686 2 _aШ6(2=Р)8-999
701 1 _aЗотов
_bД. Б.
_gДмитрий Борисович
701 1 _aМолотилина
_bА. Г.
_gАлёна Геннадьевна
701 1 _aОвчинникова
_bТ. С.
_cлитератор
_gТатьяна Сергеевна
_3RU\NLR\AUTH\770180107
701 1 _aКлюева
_bЮ. С.
_gЮлия Сергеевна
711 0 2 _aРоссийский союз писателей
_bСаратовское региональное отделение
942 _cBOOK
980 _aNBR
980 _aNB